000 00765nam a22002777a 4500
001 BR8807135
003 BR-BrBNA
005 20230928093101.0
007 ta
008 230509b bl.||||| |||| 00| 0 por d
040 _aBR-BrBNA
_bpor
_cBiblioteca Nacional de Agricultura
041 _a(Por)
072 _aE50
090 _ E50 BR8807135
100 1 _aPitrucci, C.L. do P.L.
110 1 _aAssociacao de Credito e Assistencia Rural de Santa Catarina, Florianopolis (Brasil)
245 1 _aSaneamento [habitacao rural]
260 3 _aFlorianopolis, SC (Brasil):
_c1986.
300 _a94 p.
500 _a40 illus.
650 _aSANEAMENTO RURAL
650 _aHIGIENE
650 _aFOSSA SEPTICA
909 _a202309
_bLucia
_c55
_dLucia Elande
942 _cBK
999 _c42898
_d42898